| 000 | 00584cam a22001932 4500 | ||
|---|---|---|---|
| 001 | 0000001558 | ||
| 005 | 20151217155811.0 | ||
| 008 | 070315s xx 000 0 eng d | ||
| 040 |
_aKABU _cKABU |
||
| 050 | 0 |
_aDT107 _b.W45 |
|
| 100 | 1 |
_aWhite, Arthur Silva. _@0000150400 |
|
| 245 | 1 | 4 | _aThe Expansion of Egypt under Anglo-Egyptian Condominium. |
| 260 |
_aLondon : _bMethuen, _c1899. |
||
| 300 | _axv, 483 p. | ||
| 651 | 0 |
_aEgypt _xHistory _xBritish Occupation. _y1882-1952. _@0000150401 |
|
| 908 | _a070315 | ||
| 950 | _@1 | ||
| 999 |
_c12606 _d12606 |
||